000 00680nam a2200193Ii 4500
003 JO-AjNU
008 230605s9999||||xx |||||||||||||| ||und||
040 _aJO-AjNU
_bara
_erda
_cJO-AjNU
041 _aara
050 1 4 _aQA76.6.2020
100 3 _a احمد، بشار الحاج,
_eauthor
_962347
245 0 0 _aتعلم واحترف Arduinoبالتطبيقات العملية
264 3 1 _aحلب: شعاع للنشر والعلوم، 2020
300 _a333ص
_b ويحتوي على قائمة مراجع من ص321-ص333
336 _atext
_btxt
_2rdacontent
337 _aunmediated
_bn
_2rdamedia
338 _avolume
_bnc
_2rdacarrier
650 4 _aلغة برمجة
_962348
999 _aA28228
_c31796
_d31796